[Event "ITA-ch sf 72nd"]
[Site "Civitanova Marche"]
[Date "2012.07.15"]
[Round "1"]
[White "Bellini, Fabio"]
[Black "Dappiano, Andrea"]
[Result "1-0"]
[WhiteElo "2506"]
[BlackElo "2180"]
[PlyCount "57"]
[EventDate "2012.07.15"]
[EventType "swiss"]
[EventRounds "9"]
[EventCountry "ITA"]
[SourceTitle "EXT 2013"]
[Source "ChessBase"]
[SourceDate "2012.11.22"]
[SourceVersion "1"]
[SourceVersionDate "2012.11.22"]
[SourceQuality "1"]

1. e4 e6 2. d3 d5 3. Qe2 Nf6 4. e5 Nfd7 5. Nf3 c5 6. g3 Nc6 7. Bg2 Be7 8. 0-0 0-0 9. c4 Nb6 10. h4 f5 11. exf6 Bxf6 12. Nc3 Nd4 13. Nxd4 cxd4 14. Nb1 dxc4 15. dxc4 e5 16. Nd2 Qc7 17. b3 Be6 18. Ba3 Rfe8 19. Ne4 Be7 20. Bb2 h6 21. Rae1 Bb4 22. Rc1 Be7 23. f4 Rad8 24. f5 Bc8 25. c5 Nd7 26. Ng5 Bxg5 27. hxg5 Nf8 28. c6 bxc6 29. Rxc6 1-0

[Event "SUI-chT"]
[Site "Switzerland"]
[Date "2012.06.03"]
[Round "4.2"]
[White "Bellini, Fabio"]
[Black "Cvitan, Ognjen"]
[Result "1/2-1/2"]
[WhiteElo "2532"]
[BlackElo "2528"]
[PlyCount "48"]
[EventDate "2012.03.18"]
[EventType "team-tourn"]
[EventRounds "9"]
[EventCountry "SUI"]
[SourceTitle "EXT 2013"]
[Source "ChessBase"]
[SourceDate "2012.11.22"]
[SourceVersion "1"]
[SourceVersionDate "2012.11.22"]
[SourceQuality "1"]
[WhiteTeam "Mendrisio"]
[BlackTeam "Riehen"]
[WhiteTeamCountry "SUI"]
[BlackTeamCountry "SUI"]

1. e4 c5 2. Nf3 d6 3. Bb5+ Bd7 4. Bxd7+ Qxd7 5. c4 g6 6. d4 cxd4 7. Nxd4 Bg7 8. Nc3 Nf6 9. h3 0-0 10. 0-0 Nc6 11. Be3 Rac8 12. b3 Rfd8 13. Rc1 e6 14. f4 a6 15. a4 Nb4 16. Qf3 Qe7 17. Rfd1 Nd7 18. Nde2 b6 19. Bf2 Nc5 20. Rb1 Qb7 21. Bd4 f5 22. Bxg7 Qxg7 23. exf5 gxf5 24. Rd2 Rd7 1/2-1/2

[Event "ITA-chT"]
[Site "Arvier"]
[Date "2012.05.01"]
[Round "7"]
[White "Bove, Alessandro"]
[Black "Bellini, Fabio"]
[Result "1/2-1/2"]
[WhiteElo "2362"]
[BlackElo "2509"]
[PlyCount "70"]
[EventDate "2012.04.27"]
[EventType "team-swiss"]
[EventRounds "7"]
[EventCountry "ITA"]
[SourceTitle "CBM 148 Extra"]
[Source "ChessBase"]
[SourceDate "2012.06.22"]
[SourceVersion "1"]
[SourceVersionDate "2012.06.22"]
[SourceQuality "1"]
[WhiteTeam "Palermo"]
[BlackTeam "Padova Obiettivo"]
[WhiteTeamCountry "ITA"]
[BlackTeamCountry "ITA"]

1. d4 g6 2. e4 Bg7 3. g3 d5 4. Nc3 dxe4 5. Be3 Nf6 6. Bg2 Bf5 7. h3 h5 8. Qe2 c6 9. 0-0-0 Nbd7 10. Kb1 Qa5 11. Bc1 0-0-0 12. f3 e3 13. Qxe3 Nb6 14. Qe1 Nc4 15. Bf1 Qb4 16. b3 Na3+ 17. Bxa3 Qxa3 18. Bc4 e6 19. Nge2 g5 20. Qd2 g4 21. hxg4 hxg4 22. Rxh8 Bxh8 23. f4 Ne4 24. Nxe4 Bxe4 25. Qe3 Bf3 26. c3 c5 27. Rc1 Bxe2 28. Qxe2 cxd4 29. cxd4 Kb8 30. d5 Qc5 31. Rd1 exd5 32. Rxd5 Rxd5 33. Bxd5 Qxd5 34. Qe8+ Kc7 35. Qxh8 Qd3+ 1/2-1/2

[Event "ITA-chT"]
[Site "Arvier"]
[Date "2012.04.28"]
[Round "3"]
[White "Vocaturo, Daniele"]
[Black "Bellini, Fabio"]
[Result "1/2-1/2"]
[WhiteElo "2536"]
[BlackElo "2509"]
[PlyCount "90"]
[EventDate "2012.04.27"]
[EventType "team-swiss"]
[EventRounds "7"]
[EventCountry "ITA"]
[SourceTitle "CBM 148 Extra"]
[Source "ChessBase"]
[SourceDate "2012.06.22"]
[SourceVersion "1"]
[SourceVersionDate "2012.06.22"]
[SourceQuality "1"]
[WhiteTeam "Pesaro Scavolini Datagest"]
[BlackTeam "Padova Obiettivo"]
[WhiteTeamCountry "ITA"]
[BlackTeamCountry "ITA"]

1. e4 e5 2. Nf3 Nc6 3. Bc4 Bc5 4. c3 Nf6 5. d3 d6 6. Bb3 Bb6 7. Nbd2 Be6 8. 0-0 Bxb3 9. axb3 0-0 10. Nc4 d5 11. Nxb6 cxb6 12. Qe2 Qd6 13. b4 b5 14. Bg5 Nd7 15. Nh4 Rfe8 16. Nf5 Qg6 17. Be3 a6 18. exd5 Qxf5 19. dxc6 bxc6 20. Ra5 e4 21. d4 Nb6 22. Rfa1 Qc8 23. b3 Nd5 24. Qd2 Qe6 25. Rxa6 Rxa6 26. Rxa6 f5 27. g3 h5 28. Bf4 e3 29. fxe3 Nxf4 30. exf4 Qxb3 31. Ra1 Kh7 32. Re1 Rxe1+ 33. Qxe1 Qc2 34. Qe3 g6 35. Qf3 Qd2 36. h4 Qe1+ 37. Kg2 Qe6 38. Kf2 Kg7 39. Qe2 Qd5 40. Qe7+ Kg8 41. Qf6 Kh7 42. Qf8 Qa2+ 43. Kf3 Qd5+ 44. Kf2 Qa2+ 45. Kf3 Qd5+ 1/2-1/2

[Event "Padova op 14th"]
[Site "Padova"]
[Date "2011.12.18"]
[Round "9"]
[White "Naumkin, Igor"]
[Black "Bellini, Fabio"]
[Result "1-0"]
[WhiteElo "2432"]
[BlackElo "2513"]
[PlyCount "111"]
[EventDate "2011.12.11"]
[EventType "swiss"]
[EventRounds "9"]
[EventCountry "ITA"]
[SourceTitle "CBM 145 Extra"]
[Source "ChessBase"]
[SourceDate "2012.01.03"]
[SourceVersion "1"]
[SourceVersionDate "2012.01.03"]
[SourceQuality "1"]

1. d4 d5 2. c4 e6 3. Nf3 Nf6 4. Bg5 Be7 5. Nc3 0-0 6. e3 Nbd7 7. Rc1 dxc4 8. Bxc4 a6 9. a4 c5 10. 0-0 cxd4 11. exd4 Nb6 12. Ba2 Bd7 13. Ne5 Bc6 14. Qd3 Nfd5 15. Bb1 g6 16. Bh6 Bg5 17. Bxg5 Qxg5 18. Ne4 Qe7 19. Nxc6 bxc6 20. a5 Nd7 21. Qd2 Rfc8 22. Rc4 Rab8 23. Rfc1 Kg7 24. g3 Rc7 25. Rxc6 Rcb7 26. R6c2 Qb4 27. Ba2 Qxd2 28. Rxd2 Rxb2 29. Rxb2 Rxb2 30. Bxd5 exd5 31. Nd6 Nf6 32. f3 Ng8 33. Rc6 Ne7 34. Rxa6 Ra2 35. g4 Ra4 36. Ne8+ Kf8 37. Nf6 Rxd4 38. Nxh7+ Kg7 39. Nf6 Rf4 40. g5 d4 41. Kf2 Rh4 42. Ng4 Nf5 43. Ra8 Rh5 44. Rg8+ Kxg8 45. Nf6+ Kf8 46. Nxh5 Ne7 47. a6 Nc6 48. Nf4 Ke7 49. Ne2 d3 50. Nc3 Kd6 51. Nb5+ Ke5 52. Ke3 d2 53. Kxd2 Kf4 54. h4 Kg3 55. Ke3 Kxh4 56. Kf4 1-0

[Event "Padova op 14th"]
[Site "Padova"]
[Date "2011.12.14"]
[Round "5"]
[White "Bove, Alessandro"]
[Black "Bellini, Fabio"]
[Result "0-1"]
[WhiteElo "2369"]
[BlackElo "2513"]
[PlyCount "56"]
[EventDate "2011.12.11"]
[EventType "swiss"]
[EventRounds "9"]
[EventCountry "ITA"]
[SourceTitle "CBM 145 Extra"]
[Source "ChessBase"]
[SourceDate "2012.01.03"]
[SourceVersion "1"]
[SourceVersionDate "2012.01.03"]
[SourceQuality "1"]

1. d4 e6 2. c4 b6 3. a3 Bb7 4. d5 Bd6 5. Nc3 Be5 6. Qd3 Nf6 7. dxe6 dxe6 8. Qxd8+ Kxd8 9. Bd2 Nc6 10. Nf3 Ke7 11. e3 Bd6 12. Be2 Na5 13. Nb5 Nb3 14. Rd1 a5 15. Bc3 Ne4 16. Bxg7 Rhg8 17. Be5 Rxg2 18. Nxd6 cxd6 19. Bg3 Rg8 20. Kf1 R2xg3 21. fxg3 Ned2+ 22. Kf2 Bxf3 23. Bxf3 Nxc4 24. Rd3 a4 25. Rc3 b5 26. Bc6 Nc5 27. Ke2 Rb8 28. e4 Ne5 0-1

[Event "Pescia op-A 4th"]
[Site "Pescia"]
[Date "2011.09.18"]
[Round "4"]
[White "Parrini, Daniele"]
[Black "Bellini, Fabio"]
[Result "0-1"]
[WhiteElo "2116"]
[BlackElo "2504"]
[PlyCount "52"]
[EventDate "2011.09.16"]
[EventType "swiss"]
[EventRounds "5"]
[EventCountry "ITA"]
[SourceTitle "EXT 2015"]
[Source "ChessBase"]
[SourceDate "2014.11.20"]
[SourceVersion "1"]
[SourceVersionDate "2014.11.20"]
[SourceQuality "1"]

1. e4 e5 2. Nf3 d6 3. d4 exd4 4. Qxd4 Nf6 5. Nc3 Be7 6. Bg5 h6 7. Bf4 Nc6 8. Bb5 0-0 9. Bxc6 bxc6 10. 0-0 c5 11. Qd3 Rb8 12. b3 Nh5 13. Bd2 f5 14. e5 Bb7 15. exd6 Bxd6 16. Rad1 Nf6 17. Qc4+ Kh7 18. Qh4 Ng4 19. Bg5 Qd7 20. Bf4 Bxf3 21. gxf3 Nf6 22. Bxd6 cxd6 23. Nd5 Rbe8 24. Qc4 Re5 25. Qxc5 Nxd5 26. Rxd5 Qf7 0-1

[Event "Pescia op-A 4th"]
[Site "Pescia"]
[Date "2011.09.17"]
[Round "2"]
[White "Scali, Fausto"]
[Black "Bellini, Fabio"]
[Result "0-1"]
[WhiteElo "1927"]
[BlackElo "2504"]
[PlyCount "58"]
[EventDate "2011.09.16"]
[EventType "swiss"]
[EventRounds "5"]
[EventCountry "ITA"]
[SourceTitle "EXT 2015"]
[Source "ChessBase"]
[SourceDate "2014.11.20"]
[SourceVersion "1"]
[SourceVersionDate "2014.11.20"]
[SourceQuality "1"]

1. e4 g6 2. d4 Bg7 3. Nc3 a6 4. f4 d5 5. e5 Nh6 6. Nf3 Bg4 7. Be3 e6 8. Be2 Nf5 9. Bf2 h5 10. Qd2 Bxf3 11. Bxf3 Nd7 12. 0-0-0 b5 13. Nxd5 exd5 14. Bxd5 0-0 15. Bxa8 Qxa8 16. g3 Rd8 17. Qe2 Nb6 18. h3 Qg2 19. Rhg1 Qxh3 20. g4 hxg4 21. Rxg4 Nc4 22. Rd3 Qh1+ 23. Rd1 Qh5 24. Rdg1 Nh6 25. Bh4 Rxd4 26. Qf2 Bxe5 27. Rg5 Rd1+ 28. Rxd1 Bxb2+ 29. Kb1 Qxd1# 0-1

[Event "Pescia op-A 4th"]
[Site "Pescia"]
[Date "2011.09.16"]
[Round "1"]
[White "Bellini, Fabio"]
[Black "Brizzi, Matteo"]
[Result "1-0"]
[WhiteElo "2504"]
[BlackElo "1866"]
[PlyCount "45"]
[EventDate "2011.09.16"]
[EventType "swiss"]
[EventRounds "5"]
[EventCountry "ITA"]
[SourceTitle "EXT 2015"]
[Source "ChessBase"]
[SourceDate "2014.11.20"]
[SourceVersion "1"]
[SourceVersionDate "2014.11.20"]
[SourceQuality "1"]

1. e4 e5 2. Nf3 Nf6 3. Nxe5 d6 4. Nc4 Nxe4 5. Nc3 Nxc3 6. bxc3 d5 7. Ne3 c6 8. d4 Bd6 9. Bd3 Qf6 10. 0-0 0-0 11. f4 Nd7 12. Bd2 Nb6 13. f5 c5 14. Qh5 Re8 15. Ng4 Qd8 16. f6 g6 17. Nh6+ Kf8 18. Qh4 Qc7 19. Nf5 Kg8 20. Nxd6 Qxd6 21. Bf4 Qf8 22. Bh6 Qd6 23. Bxg6 1-0

[Event "Montecatini Terme op"]
[Site "Montecatini Terme"]
[Date "2011.08.06"]
[Round "8"]
[White "Dvirnyy, Danyyil"]
[Black "Bellini, Fabio"]
[Result "1/2-1/2"]
[WhiteElo "2436"]
[BlackElo "2498"]
[PlyCount "72"]
[EventDate "2011.07.31"]
[EventType "swiss"]
[EventRounds "9"]
[EventCountry "ITA"]
[SourceTitle "CBM 143 Extra"]
[Source "ChessBase"]
[SourceDate "2011.08.29"]
[SourceVersion "1"]
[SourceVersionDate "2011.08.29"]
[SourceQuality "1"]

1. c4 e6 2. g3 d5 3. Bg2 Nf6 4. Nf3 Be7 5. 0-0 0-0 6. b3 c5 7. Bb2 Nc6 8. e3 Re8 9. d3 Bf8 10. Qe2 e5 11. cxd5 Nxd5 12. Nbd2 f6 13. Rfd1 Be6 14. h3 a5 15. Ne4 a4 16. bxa4 Rxa4 17. a3 Qd7 18. Kh2 b6 19. Qc2 Ra7 20. Rac1 Na5 21. Nfd2 Rc7 22. Nc4 Nb7 23. a4 Rb8 24. Nc3 Nxc3 25. Bxc3 Nd6 26. Rb1 b5 27. axb5 Rxb5 28. Rxb5 Nxb5 29. Ba5 Ra7 30. Rb1 Nd6 31. Bb6 Nxc4 32. dxc4 Qa4 33. Qc3 Rd7 34. Ra1 Qxc4 35. Qxc4 Bxc4 36. Rc1 Bf7 1/2-1/2

[Event "Montecatini Terme op"]
[Site "Montecatini Terme"]
[Date "2011.08.04"]
[Round "6"]
[White "Rombaldoni, Denis"]
[Black "Bellini, Fabio"]
[Result "1/2-1/2"]
[WhiteElo "2495"]
[BlackElo "2498"]
[PlyCount "90"]
[EventDate "2011.07.31"]
[EventType "swiss"]
[EventRounds "9"]
[EventCountry "ITA"]
[SourceTitle "CBM 143 Extra"]
[Source "ChessBase"]
[SourceDate "2011.08.29"]
[SourceVersion "1"]
[SourceVersionDate "2011.08.29"]
[SourceQuality "1"]

1. Nf3 d5 2. g3 c6 3. Bg2 Bg4 4. 0-0 Nd7 5. d4 e6 6. Nbd2 Ngf6 7. Re1 Bd6 8. e4 dxe4 9. Nxe4 Nxe4 10. Rxe4 Nf6 11. Re1 0-0 12. c3 Qc7 13. Qb3 Nd7 14. Nd2 e5 15. d5 c5 16. Nc4 Nb6 17. Nxd6 Qxd6 18. c4 f5 19. Qc3 Nd7 20. b3 f4 21. h3 Bf5 22. Bb2 Rf7 23. Re2 e4 24. gxf4 Qxf4 25. Rae1 Nf6 26. Qe5 Qg5 27. Bc1 Qh5 28. Qg3 h6 29. d6 Raf8 30. Bf4 Bd7 31. Bxe4 Nxe4 32. Rxe4 g5 33. Re7 Bc6 34. Be5 Rxe7 35. dxe7 Rf3 36. Qg4 Qxh3 37. e8Q+ Bxe8 38. Qe4 Bh5 39. Qd5+ Rf7 40. Bg3 Qd7 41. Qxc5 Bf3 42. Qe5 Bc6 43. Qe6 Qxe6 44. Rxe6 Rd7 45. Bd6 Kf7 1/2-1/2